000 00805cam a22002773a 4500
001 6456
003 PGUSA
005 20140828083133.0
008 040901s2004||||xxu|||||s|||||000 | eng d
040 _aPGUSA
_beng
042 _adc
050 4 _aHM
100 1 _aLippmann, Walter,
_d1889-1974
245 1 0 _aPublic Opinion
_h[electronic resource] /
_cWalter Lippmann
260 _bProject Gutenberg,
_c2004
506 _aPublic domain in the USA.
516 _aElectronic text
653 _aSocial psychology
653 _aPublic opinion
653 _aUnited States -- Politics and government
653 _aPublic opinion -- United States
653 _aSocial psychology -- United States
830 0 _aProject Gutenberg
_v6456
856 4 0 _uhttp://www.gutenberg.org/ebooks/6456
942 _cEB
999 _c235779
_d235779